Supervisory Skills (Record no. 2608)

MARC details
000 -LEADER
fixed length control field 00360nam a22001577a 4500
005 - DATE AND TIME OF LATEST TRANSACTION
control field 20160614110435.0
008 - FIXED-LENGTH DATA ELEMENTS--GENERAL INFORMATION
fixed length control field 160614b xxu||||| |||| 00| 0 eng d
041 ## - LANGUAGE CODE
Language code of text/sound track or separate title eng
082 ## - DEWEY DECIMAL CLASSIFICATION NUMBER
Item number 7353
100 ## - MAIN ENTRY--AUTHOR NAME
Personal name Kelleghan, Kavin M
245 ## - TITLE STATEMENT
Title Supervisory Skills
260 ## - PUBLICATION, DISTRIBUTION, ETC. (IMPRINT)
Name of publisher Surjeet Publications
300 ## - PHYSICAL DESCRIPTION
Number of Pages 191
650 ## - SUBJECT ADDED ENTRY--TOPICAL TERM
Topical Term Management
942 ## - ADDED ENTRY ELEMENTS (KOHA)
Koha item type Books
Holdings
Lost status Damaged status Collection code Home library Current library Shelving location Date acquired Cost, normal purchase price Full call number Accession Number Koha item type
    LIFE SKILL JRU Library JRU Library SHELF-102-H 14/06/2016 225.00 658.409 7353 Books